Biodegradation and bioremediation (Record no. 166229)
[ view plain ]
| 000 -LEADER | |
|---|---|
| fixed length control field | 00622nam a2200229Ia 4500 |
| 003 - CONTROL NUMBER IDENTIFIER | |
| control field | OSt |
| 005 - DATE AND TIME OF LATEST TRANSACTION | |
| control field | 20230515154456.0 |
| 008 - FIXED-LENGTH DATA ELEMENTS--GENERAL INFORMATION | |
| fixed length control field | 210423s2011 xx 000 0 und d |
| 020 ## - INTERNATIONAL STANDARD BOOK NUMBER | |
| International Standard Book Number | 978-81-8489-354-0 |
| 040 ## - CATALOGING SOURCE | |
| Transcribing agency | AL |
| 041 ## - LANGUAGE CODE | |
| Language code of text/sound track or separate title | eng |
| 082 ## - DEWEY DECIMAL CLASSIFICATION NUMBER | |
| Classification number | 628.55 SINB |
| 100 ## - MAIN ENTRY--PERSONAL NAME | |
| Personal name | SINGH (Ajay);WARD (Owen P) Ed |
| 9 (RLIN) | 104445 |
| 245 ## - TITLE STATEMENT | |
| Title | Biodegradation and bioremediation |
| 260 ## - PUBLICATION, DISTRIBUTION, ETC. | |
| Place of publication, distribution, etc. | New Delhi |
| Name of publisher, distributor, etc. | Springer Verlag |
| Date of publication, distribution, etc. | 2011 |
| 300 ## - PHYSICAL DESCRIPTION | |
| Extent | xvii,309 |
| Other physical details | PB |
| 365 ## - TRADE PRICE | |
| Price amount | 1095 |
| Currency code | INR |
| 650 ## - SUBJECT ADDED ENTRY--TOPICAL TERM | |
| Topical term or geographic name entry element | Engineering |
| 9 (RLIN) | 104446 |
| 650 ## - SUBJECT ADDED ENTRY--TOPICAL TERM | |
| Topical term or geographic name entry element | Environmental Engineering |
| 9 (RLIN) | 104447 |
| 906 ## - LOCAL DATA ELEMENT F, LDF (RLIN) | |
| a | Biodegradation ; bioremediation |
| 942 ## - ADDED ENTRY ELEMENTS (KOHA) | |
| Source of classification or shelving scheme | Dewey Decimal Classification |
| Koha item type | Book |
| Withdrawn status | Lost status | Damaged status | Not for loan | Collection code | Home library | Current library | Date acquired | Source of acquisition | Cost, normal purchase price | Total Checkouts | Full call number | Barcode | Date last seen | Price effective from | Koha item type |
|---|---|---|---|---|---|---|---|---|---|---|---|---|---|---|---|
| Bio Chemistry | St Aloysius PG Library | St Aloysius PG Library | 12/29/2014 | Biblios Book Point | 1095.00 | 628.55 SINB | PG012729 | 08/24/2022 | 04/26/2021 | Book |